| 000 | 00440nam a22001457a 4500 | ||
|---|---|---|---|
| 020 | _a9781781540633 | ||
| 082 | _a621.310151 | ||
| 100 | _aHolmyarod, E.J. | ||
| 245 | _aHandbook of Optimization Techniques in Power System Operation and Control : Methods and Application | ||
| 260 |
_aUK _bAuris Reference Ltd. _c2012 |
||
| 300 |
_aviii, 288 p. _bill. ; _e24 cm. |
||
| 500 | _aIncludes index. | ||
| 650 | _aElectric power systems | ||
| 942 | _cBK | ||
| 999 |
_c12109 _d12109 |
||